Maailman valtioiden vaakunat - Statistics

Yleistilastot
  • Tätä visaa on pelattu 100 kertaa
  • Keskiarvotulos 71 / 196
Vastaustilastot
Kuvavisa Vastaus % Oikein
Yhdysvallat
97%
Islanti
88%
Slovakia
88%
Suomi
88%
Sveitsi
88%
Meksiko
87%
Turkki
87%
Bosnia ja Hertsegovina
85%
Kiina
85%
Saksa
85%
Albania
83%
Itävalta
83%
Kroatia
83%
Venäjä
83%
Libanon
82%
Malta
82%
Australia
80%
Irak
80%
Kosovo
80%
Etelä-Korea
78%
Portugali
75%
Egypti
73%
Kenia
73%
Somalia
73%
Ecuador
70%
Kreikka
68%
Slovenia
68%
Iran
67%
Madagaskar
67%
Nepal
67%
Espanja
65%
Etiopia
65%
Ruotsi
65%
Pohjois-Korea
63%
Argentiina
62%
Kiribati
62%
Tansania
62%
Vietnam
62%
Israel
60%
Kanada
60%
Filippiinit
58%
Irlanti
58%
Namibia
58%
Ranska
58%
Taiwan
58%
Ukraina
57%
Yhdistyneet arabiemiirikunnat
57%
Andorra
55%
Marokko
55%
Niger
55%
Pakistan
55%
Unkari
55%
Puola
53%
Uusi-Seelanti
53%
Valko-Venäjä
53%
Uruguay
52%
Haiti
50%
Myanmar
50%
Tšekki
50%
Yhdistynyt kuningaskunta
50%
Belgia
48%
Keski-Afrikan tasavalta
48%
Panama
48%
Uzbekistan
48%
Kolumbia
47%
San Marino
47%
Tunisia
47%
Bolivia
45%
Intia
45%
Malediivit
45%
Serbia
45%
Dominikaaninen tasavalta
43%
Sri Lanka
43%
Togo
43%
Bahrain
40%
Afganistan
38%
Burkina Faso
38%
Laos
38%
Moldova
38%
Mongolia
38%
Norja
38%
Tanska
38%
Brasilia
37%
Italia
37%
Nicaragua
37%
Thaimaa
37%
Vatikaanivaltio
37%
El Salvador
35%
Japani
35%
Qatar
35%
Singapore
35%
Tadžikistan
35%
Turkmenistan
35%
Kuwait
33%
Liettua
33%
Mosambik
33%
Oman
33%
Peru
33%
Saudi-Arabia
33%
Alankomaat
32%
Belize
32%
Kazakstan
32%
Kongon demokraattinen tasavalta
32%
Norsunluurannikko
32%
Venezuela
30%
Viro
30%
Bulgaria
28%
Etelä-Afrikka
28%
Romania
28%
Kamerun
27%
Malesia
27%
Guatemala
25%
Jemen
25%
Jordania
25%
Mauritania
25%
Montenegro
25%
Brunei
23%
Chile
23%
Georgia
23%
Paraguay
23%
Tonga
23%
Antigua ja Barbuda
22%
Azerbaidžan
22%
Latvia
22%
Luxemburg
22%
Costa Rica
20%
Kirgisia
20%
Päiväntasaajan Guinea
20%
Papua-Uusi-Guinea
20%
Syyria
20%
Zimbabwe
20%
Fidži
18%
Kypros
18%
Libya
18%
Uganda
18%
Bhutan
17%
Botswana
17%
Dominica
17%
Eswatini
17%
Ghana
17%
Indonesia
17%
Kambodža
17%
Kuuba
17%
Liechtenstein
17%
Monaco
17%
Angola
15%
Eritrea
15%
Gabon
15%
Kongon tasavalta
15%
Sudan
15%
Algeria
13%
Jamaika
13%
Nigeria
13%
Sambia
13%
Guinea
12%
Armenia
10%
Djibouti
10%
Guinea-Bissau
10%
Itä-Timor
10%
Lesotho
10%
Mikronesia
10%
Samoa
10%
Senegal
10%
Trinidad ja Tobago
10%
Tšad
10%
Bahama
8%
Bangladesh
8%
Etelä-Sudan
8%
Tuvalu
8%
Komorit
7%
Malawi
7%
Mali
7%
Mauritius
7%
Palau
7%
Pohjois-Makedonia
7%
Saint Lucia
7%
Seychellit
7%
Sierra Leone
7%
Vanuatu
7%
Barbados
5%
Grenada
5%
Honduras
5%
Kap Verde
5%
Marshallinsaaret
5%
Nauru
5%
Ruanda
5%
Saint Vincent ja Grenadiinit
5%
Benin
3%
Burundi
3%
Gambia
3%
Liberia
3%
Saint Kitts ja Nevis
3%
Salomoninsaaret
3%
São Tomé ja Príncipe
3%
Guyana
2%
Suriname
2%
Ehtoja vastaavia visoja ei löytynyt
Tulosjakauma
Jokaisen tuloksen saaneiden osuus
Persentiili vastausten määrän mukaan
Tuloshistoriasi
Et ole pelannut tätä visaa